| 000 | 00896cam a22002414a 4500 | ||
|---|---|---|---|
| 001 | 15566441 | ||
| 005 | 20171218082233.0 | ||
| 008 | 081223s2009 nyua b 001 0 eng | ||
| 010 | _a 2008054942 | ||
| 020 | _a9780393932812 (pbk., v. 1) | ||
| 020 | _a9780393932829 (pbk., v. 2) | ||
| 040 |
_aDLC _cDLC _dDLC |
||
| 041 | _aeng | ||
| 080 | _a808.82 | ||
| 082 | 0 | 0 |
_a808.82 GAI _222 |
| 100 | _a21 | ||
| 101 | _aGJL | ||
| 245 | 0 | 4 |
_aThe Norton anthology of drama / _cJ. Ellen Gainor, Stanton B. Garner, Jr., H. Martin Puchner. |
| 504 | _aIncludes bibliographical references and index. | ||
| 906 |
_a7 _bcbc _corignew _d1 _eecip _f20 _gy-gencatlg |
||
| 942 |
_2ddc _cBK |
||
| 999 |
_c39097 _d39097 |
||